Los germenes no son para compartir = (Record no. 20287)

MARC details
000 -LEADER
fixed length control field 01952cam a2200517 a 4500
001 - CONTROL NUMBER
control field sjds451762
003 - CONTROL NUMBER IDENTIFIER
control field sjds
005 - DATE AND TIME OF LATEST TRANSACTION
control field 20200706124407.0
008 - FIXED-LENGTH DATA ELEMENTS--GENERAL INFORMATION
fixed length control field 101103t20112011mnua b 000 0 eng
010 ## - LIBRARY OF CONGRESS CONTROL NUMBER
LC control number 2010045439
020 ## - INTERNATIONAL STANDARD BOOK NUMBER
International Standard Book Number 9781575423685 (pbk.)
020 ## - INTERNATIONAL STANDARD BOOK NUMBER
International Standard Book Number 1575423685 (pbk.)
035 ## - SYSTEM CONTROL NUMBER
System control number (OCoLC)670482468
040 ## - CATALOGING SOURCE
Original cataloging agency DLC
Transcribing agency DLC
Modifying agency IG#
-- BTCTA
-- IFA
-- UtOrBLW
041 1# - LANGUAGE CODE
Language code of text/sound track or separate title eng
-- spa
Language code of original eng
049 ## - LOCAL HOLDINGS (OCLC)
Holding library IFAA
099 ## - LOCAL FREE-TEXT CALL NUMBER (OCLC)
Classification number CHILDREN ESPANOL 613 VERDICK 2011
100 1# - MAIN ENTRY--PERSONAL NAME
Personal name Verdick, Elizabeth.
245 14 - TITLE STATEMENT
Title Los germenes no son para compartir =
Remainder of title Germs are not for sharing /
Statement of responsibility, etc. Elizabeth Verdick ; ilustrado por Marieka Heinlen ; traducido por Alejandra Schmidt.
246 31 - VARYING FORM OF TITLE
Title proper/short title Germenes no son para compartir
246 31 - VARYING FORM OF TITLE
Title proper/short title Germs are not for sharing
260 ## - PUBLICATION, DISTRIBUTION, ETC. (IMPRINT)
Place of publication, distribution, etc. Minneapolis, MN :
Name of publisher, distributor, etc. Free Spirit Pub.,
Date of publication, distribution, etc. c2011
264 #1 - PRODUCTION, PUBLICATION, DISTRIBUTION, MANUFACTURE, AND COPYRIGHT NOTICE
Place of production, publication, distribution, manufacture Minneapolis, MN :
Name of producer, publisher, distributor, manufacturer Free Spirit Pub.,
Date of production, publication, distribution, manufacture, or copyright notice [2011]
264 #4 - PRODUCTION, PUBLICATION, DISTRIBUTION, MANUFACTURE, AND COPYRIGHT NOTICE
Date of production, publication, distribution, manufacture, or copyright notice c2011
300 ## - PHYSICAL DESCRIPTION
Extent 35 pages :
Other physical details color illustrations ;
Dimensions 23 cm.
336 ## - CONTENT TYPE
Content type term text
Content type code txt
Source rdacontent
337 ## - MEDIA TYPE
Media type term unmediated
Media type code n
Source rdamedia
338 ## - CARRIER TYPE
Carrier type term volume
Carrier type code nc
Source rdacarrier
490 1# - SERIES STATEMENT
Series statement Best behavior series
520 ## - SUMMARY, ETC.
Summary, etc. Describes why germs should not be spread.
520 ## - SUMMARY, ETC.
Summary, etc. Explica por qué los gérmenes no son para compartir.
521 1# - TARGET AUDIENCE NOTE
Target audience note 0-3.
521 8# - TARGET AUDIENCE NOTE
Target audience note AD 490
Source Lexile
546 ## - LANGUAGE NOTE
Language note In English and Spanish.
650 #0 - SUBJECT ADDED ENTRY--TOPICAL TERM
Topical term or geographic name as entry element Hygiene
Form subdivision Juvenile literature.
650 #0 - SUBJECT ADDED ENTRY--TOPICAL TERM
Topical term or geographic name as entry element Bacteria
Form subdivision Juvenile literature.
650 #0 - SUBJECT ADDED ENTRY--TOPICAL TERM
Topical term or geographic name as entry element Spanish language materials
General subdivision Bilingual
Form subdivision Juvenile literature.
650 #7 - SUBJECT ADDED ENTRY--TOPICAL TERM
Topical term or geographic name as entry element Higiene
Form subdivision Literatura juvenil.
Source of heading or term bidex
650 #7 - SUBJECT ADDED ENTRY--TOPICAL TERM
Topical term or geographic name as entry element Bacterias
Form subdivision Literatura juvenil.
Source of heading or term bidex
650 #7 - SUBJECT ADDED ENTRY--TOPICAL TERM
Topical term or geographic name as entry element Materiales bilingües en español
Form subdivision Literatura juvenil.
Source of heading or term bidex
700 12 - ADDED ENTRY--PERSONAL NAME
Personal name Verdick, Elizabeth.
Title of a work Germs are not for sharing.
Language of a work Spanish.
700 12 - ADDED ENTRY--PERSONAL NAME
Personal name Verdick, Elizabeth.
Title of a work Germs are not for sharing.
Language of a work English.
700 1# - ADDED ENTRY--PERSONAL NAME
Personal name Heinlen, Marieka,
Relator term illustrator.
830 #0 - SERIES ADDED ENTRY--UNIFORM TITLE
Uniform title Best behavior series.
Language of a work Spanish.
942 ## - ADDED ENTRY ELEMENTS (KOHA)
Koha item type Libro/Book
Source of classification or shelving scheme Dewey Decimal Classification
Holdings
Withdrawn status Lost status Damaged status Not for loan Home library Current library Date acquired Total Checkouts Barcode Date last seen Price effective from Koha item type Inventory number Full call number Date checked out Checked out
        Azul y Blanco -- Satellite Azul y Blanco 17/08/2020 1 35201508 18/03/2026 17/08/2020 Libro/Book inventory date: 22-1-25 JI 18/03/2026 22/04/2026
        Barbudos -- Satellite Barbudos -- Satellite 08/01/2019   35800925 16/02/2022 08/01/2019 Libro/Book Inventory date: 7/7/25      
        Barbudos -- Satellite Barbudos -- Satellite 17/08/2020   35801957 16/02/2022 17/08/2020 Libro/Book Inventory date: 7/7/25 JI    
        Capulin -- Satellite Capulin -- Satellite 10/08/2020   35101962 10/08/2020 10/08/2020 Libro/Book Inventory date: 7/7/25 JI    
        Genizero -- Satellite Genizero -- Satellite 08/01/2019   35700882 08/01/2019 08/01/2019 Libro/Book        
        Genizero -- Satellite Genizero -- Satellite 15/08/2020 1 35601962 05/01/2023 15/08/2020 Libro/Book Inventory date: 7/7/25 JI 25/08/2021  
        Las Brisas 1 -- Satellite Las Brisas 1 -- Satellite 24/07/2020   40002187 24/07/2020 24/07/2020 Libro/Book Inventory date: 7/4/25 JI    
        Las Brisas 2 -- Satellite Las Brisas 2 -- Satellite 23/07/2020   40102175 23/07/2020 23/07/2020 Libro/Book   JI    
        Las Pampas -- Satellite Las Pampas -- Satellite 23/08/2020   35701962 23/08/2020 23/08/2020 Libro/Book inventory date: 17-1-25 JAA    
        Monte Cristo -- Satellite Monte Cristo -- Satellite 23/08/2020   40202171 23/08/2020 23/08/2020 Libro/Book   JI    
        San Jeronimo -- Satellite San Jeronimo -- Satellite 19/07/2020   35902177 19/07/2020 19/07/2020 Libro/Book inventory date: 17-1-25 JAA    
        San Juan Del Sur -- Biblioteca San Juan Del Sur -- Biblioteca 21/08/2019   30009386 21/08/2019 21/08/2019 Libro/Book        
        San Juan Del Sur -- Biblioteca San Juan Del Sur -- Biblioteca 21/08/2019   30009418 21/08/2019 21/08/2019 Libro/Book        
        San Juan Del Sur -- Mobile San Juan Del Sur -- Mobile 27/08/2020 4 33015776 07/11/2024 27/08/2020 Libro/Book Inventory date: 27-2-25 JI 11/06/2024  
        San Juan Del Sur -- Mobile Sapoa 27/08/2020 2 33015777 31/10/2024 27/08/2020 Libro/Book Inventory date: 1-2-25 JAA 26/09/2024  
        Sevadilla -- Satellite Sevadilla -- Satellite 08/01/2019   35400113 08/01/2019 08/01/2019 Libro/Book        
        Sevadilla -- Satellite Sevadilla -- Satellite 19/07/2020 1 35401961 11/10/2024 19/07/2020 Libro/Book Inventory date: 7/7/25 JI 03/06/2024  
        Zaragoza -- Satellite Zaragoza -- Satellite 29/07/2020   35501961 29/07/2020 29/07/2020 Libro/Book Inventory date: 7/7/25 JI    

Powered by Koha